• 首页
  • 本馆介绍
  • 公告通知
  • 最新文献
  • 馆藏检索
  • 电子资源
  • 读者导购
  • 参考咨询
  • 我的图书馆
  • 登录
  • 详细信息显示
  • 放入我的书架
  • 预约/预借图书
  • 作者相关作品
  • 分类相关作品
  • 丛书相关作品
  • 出版社相关作品

书目信息

  • 表格格式
  • 工作单格式
  • 卡片格式
题名:
读童谣 知节气
    
 
作者: 陈希学, 著
分册:  
出版信息: 西安   三秦出版社  2020.06
页数: 154页
开本: 23cm
丛书名:
单 册:
中图分类: P462-49
科图分类:
主题词: 二十四节气--er shi si jie qi--少年读物
电子资源:
ISBN: 978-7-5518-1029-6
000 01066nam0 2200253 450
001 CAL 0120217167778
005 20230217093112.0
010    @a978-7-5518-1029-6@dCNY48.00
100    @a20210506d2020 cemy0chiy0120 ea
101 0  @achi
102    @aCN@b610000
105    @aa z 000yy
106    @ar
200 1  @a读童谣 知节气@Adu tong yao zhi jie qi@f陈希学著
210    @a西安@c三秦出版社@d2020.06
215    @a154页@c彩图@d23cm
300    @a优秀传统文化新名片 学习二十四节气新读本
314    @a陈希学, 副编审职称。
330    @a本书围绕不同季节, 不同节气中天文、气候和物候的自然变化, 用童谣的形式向少年儿童解读节气知识, 充分呈现二十四节气的文化元素。以“微语释节气”“读童谣知节气”“知三候看变化”和“节气民俗”等内容, 通俗易懂地对每个节气的知识进行了系统介绍。既注重知识性, 又注重趣味性。是一本向少年儿童传承中华优秀传统文化, 学习二十四节气知识的新读本。
606 0  @a二十四节气@Aer shi si jie qi@j少年读物
690    @aP462-49@v5
701  0 @a陈希学,@Achen xi xue@f1958-@4著
801  0 @aCN@bBJXHZP@c20230228
905    @b1386629-32@dP462-49@e191@f4
    
    读童谣 知节气/陈希学著.-西安:三秦出版社,2020.06
    154页:彩图;23cm
    优秀传统文化新名片 学习二十四节气新读本
    
    ISBN 978-7-5518-1029-6:CNY48.00
    本书围绕不同季节, 不同节气中天文、气候和物候的自然变化, 用童谣的形式向少年儿童解读节气知识, 充分呈现二十四节气的文化元素。以“微语释节气”“读童谣知节气”“知三候看变化”和“节气民俗”等内容, 通俗易懂地对每个节气的知识进行了系统介绍。既注重知识性, 又注重趣味性。是一本向少年儿童传承中华优秀传统文化, 学习二十四节气知识的新读本。
●
相关链接 在E读中查询图书 在五车中查询图书 在当当中查询图书 在豆瓣中查询图书


正题名:读童谣 知节气     索取号:P462-49/191         预约/预借

序号 登录号 条形码 馆藏地/架位号 状态 备注
1 1386629   213866299   第二样本阅览室/ [索取号:P462-49/191] 在馆    
2 1386630   213866306   第三借阅区/ [索取号:P462-49/191] 在馆    
3 1386631   213866315   第三借阅区/ [索取号:P462-49/191] 在馆    
4 1386632   213866324   第三借阅区/ [索取号:P462-49/191] 在馆    
唐山师范学院图书馆 欢迎您!
大连网信软件有限公司© 版权所有